Schaum's outline of theory and problems of machine design / (Record no. 10833)
[ view plain ]
| 000 -LEADER | |
|---|---|
| fixed length control field | 01003nac a22002531u 4500 |
| 008 - FIXED-LENGTH DATA ELEMENTS--GENERAL INFORMATION | |
| fixed length control field | 090212t xxu||||| |||| 00| 0 eng d |
| 020 ## - INTERNATIONAL STANDARD BOOK NUMBER | |
| International Standard Book Number | 070255954 |
| 082 00 - DEWEY DECIMAL CLASSIFICATION NUMBER | |
| Classification number | 621.815 |
| Item number | HAL |
| Edition number | 22 |
| 100 ## - MAIN ENTRY--PERSONAL NAME | |
| Personal name | Hall, Allen Strickland |
| 245 10 - TITLE STATEMENT | |
| Title | Schaum's outline of theory and problems of machine design / |
| Statement of responsibility, etc | by Allen S. Hall, Jr., Alfred R. Holowenko, Herman G. Laughlin |
| 250 ## - EDITION STATEMENT | |
| Edition statement | SI (metric) ed. |
| 260 ## - PUBLICATION, DISTRIBUTION, ETC. (IMPRINT) | |
| Place of publication, distribution, etc | New York : |
| Name of publisher, distributor, etc | McGraw-Hill, |
| Date of publication, distribution, etc | c1961 |
| 300 ## - PHYSICAL DESCRIPTION | |
| Extent | 344 p. : |
| Other physical details | ill. ; |
| Dimensions | 28 cm. |
| 490 0# - Series Statement | |
| Series statement | Schaum's outline series |
| 500 ## - GENERAL NOTE | |
| General note | Includes index. |
| 650 #0 - SUBJECT ADDED ENTRY--TOPICAL TERM | |
| Topical term or geographic name as entry element | Machine design. |
| 700 1# - ADDED ENTRY--PERSONAL NAME | |
| Personal name | Holowenko, Alfred R. |
| 700 1# - ADDED ENTRY--PERSONAL NAME | |
| Personal name | Laughlin, Herman G. |
| 700 1# - ADDED ENTRY--PERSONAL NAME | |
| Personal name | Hills, P. C. |
| 700 1# - ADDED ENTRY--PERSONAL NAME | |
| Personal name | Bennett, M. D. |
| Fuller form of name | (Michael David) |
| 740 0# - ADDED ENTRY--UNCONTROLLED RELATED/ANALYTICAL TITLE | |
| Uncontrolled related/analytical title | Machine design. |
| 942 ## - ADDED ENTRY ELEMENTS (KOHA) | |
| Item type | Book - Borrowing |
| Call number prefix | 621.815HAL |
| Source of classification or shelving scheme | Dewey Decimal Classification |
| Withdrawn status | Item status | Source of classification or shelving scheme | Damaged status | Not for loan | Vendor | Home library | Current library | Shelving location | Date acquired | Source of acquisition | Cost, normal purchase price | Serial Enumeration / chronology | Total Checkouts | Total Renewals | Full call number | Barcode | Date last seen | Date last borrowed | Koha item type |
|---|---|---|---|---|---|---|---|---|---|---|---|---|---|---|---|---|---|---|---|
| Dewey Decimal Classification | Alahram | Central Library | Central Library | First floor | 12/02/2009 | 144.10 | 6384 | 8 | 36 | 621.815 HAL | 000014805 | 15/07/2025 | 20/02/2020 | Book - Borrowing |